000 00291nam a2200121Ia 4500
005 20251222143247.0
008 251222s9999||||xx |||||||||||||| ||spa||
082 _a234.1/L88
100 _aLópez Vigil, José Ignacio
245 0 _aJesys de Nazaret:
264 _bLa República
942 _cLIB
999 _c14818
_d14818